000 00209nam a2200097Ia 4500
008 240331s9999 xx 000 0 und d
082 _bGAN
100 _aGanesalingan, S
245 0 _aKumaran thokuppu
942 _cL
999 _c3941
_d3941